Inovačný potenciál regiónov SR

Salvato in:
Dettagli Bibliografici
Autore principale: Šagátová, Slavka, 1975-
Natura: Capitolo di libro
Lingua:inglese
slovacco
Soggetti:
Tags: Aggiungi Tag
Nessun Tag, puoi essere il primo ad aggiungerne!!

MARC

LEADER 00000nla a2200000 4500
001 0235929
005 20240524071952.0
041 0 |a eng 
041 0 |a slo 
044 |a SK 
245 1 0 |a Inovačný potenciál regiónov SR  |c Slávka Šagátová 
500 |a Abstrakt 
610 2 0 |a inovácia 
610 2 0 |a regióny 
610 2 0 |a rozvoj regionálny 
100 1 |a Šagátová, Slavka, 1975-